00762nam a2200241 i 4500003000900000005001700009007000300026008004100029020001500070040003000085082001300115100002900128240003100157245006800188264004200256300004400298336002700342337003400369338002800403490003300431500002700464700002900491DO-SdBNP20240712155059.0ta240712b1994 sp a 001 0 spa d a8447800148 aDO-SdBNPbspacBNPHUerda 4bD2492221 aDavis, Jimeautord1945-1 aGarfield says a mouthful /10aGarfield :by sus kilos /cJim Davis ; traducción Alfred Sala aBarcelona, España :bJunior,c1994. a[96] páginas :bilustracionesc13 cm. 2rdacontentatextobtxt 2rdamediaasin mediaciónbnc 2rdacarrieravolumenbnc1 aGrupo editorial grijalbov28 aLibro de caricaturas. 1 aSalas, Alfredetraductor